Quantum mechanics / (Record no. 52343)
[ view plain ]
| 000 -LEADER | |
|---|---|
| fixed length control field | 00777nam a2200265 a 4500 |
| 001 - CONTROL NUMBER | |
| control field | 52343 |
| 003 - CONTROL NUMBER IDENTIFIER | |
| rucl marc code | BD-RjUL |
| 005 - DATE AND TIME OF LATEST TRANSACTION | |
| control field | 20211209075805.0 |
| 008 - FIXED-LENGTH DATA ELEMENTS--GENERAL INFORMATION | |
| fixed length control field | 160919s1968 enka b 001 0 eng |
| 035 ## - SYSTEM CONTROL NUMBER | |
| System control number | (BD-RjUL) 52463 |
| 040 ## - CATALOGING SOURCE | |
| Original cataloging agency | DLC |
| Transcribing agency | DLC |
| Modifying agency | BD-RjUL |
| Language of cataloging | eng |
| 041 ## - LANGUAGE CODE | |
| Language code of text/sound track or separate title | eng |
| 082 00 - DEWEY DECIMAL CLASSIFICATION NUMBER | |
| Classification number | 530.12 |
| Author mark and year | SCQ 1968 |
| Edition number | 23 |
| 100 10 - MAIN ENTRY--PERSONAL NAME | |
| Personal name | Schiff, Leonard I. |
| 9 (RLIN) | 26037 |
| 245 10 - TITLE STATEMENT | |
| Title | Quantum mechanics / |
| Statement of responsibility, etc. | Leonard I. Schiff |
| 250 ## - EDITION STATEMENT | |
| Edition statement | 3rd ed. |
| 260 ## - PUBLICATION, DISTRIBUTION, ETC. (IMPRINT) | |
| Place of publication, distribution, etc. | London : |
| Name of publisher, distributor, etc. | McGraw-hill, |
| Date of publication, distribution, etc. | c1968 |
| 300 ## - PHYSICAL DESCRIPTION | |
| Pagination | xviii, 544 p. : |
| Illustrations | ill, ; |
| Size | 23 cm. |
| 490 ## - SERIES STATEMENT | |
| Series statement | International series in pure and applied physics |
| 500 ## - GENERAL NOTE | |
| General note | Includes index. |
| 650 #0 - SUBJECT ADDED ENTRY--TOPICAL TERM | |
| Topical term or geographic name as entry element | Quantum theory. |
| 9 (RLIN) | 26038 |
| 856 ## - ELECTRONIC LOCATION AND ACCESS | |
| Materials specified | International series in pure and applied physics |
| 942 ## - ADDED ENTRY ELEMENTS (KOHA) | |
| Source of classification or shelving scheme | Dewey Decimal Classification |
| Koha item type | Books |
| Lost status | Source of classification or shelving scheme | Damaged status | Not for loan | Collection code | Permanent Location | Current Location | Shelving location | Date acquired | Source of acquisition | Cost, normal purchase price | Total Checkouts | Full call number | Date last seen | Copy number | Koha item type | Date checked out |
|---|---|---|---|---|---|---|---|---|---|---|---|---|---|---|---|---|
| Dewey Decimal Classification | Non-fiction | Central Library, University of Rajshahi | Central Library, University of Rajshahi | 09/05/1977 | Helfers | 6.20 | 530.12 SCQ 1968 | 19/09/2016 | C-2 | Books | ||||||
| Dewey Decimal Classification | Non-fiction | Central Library, University of Rajshahi | Central Library, University of Rajshahi | 23/09/1989 | Kai. nit. | 7.50 | 530.12 SCQ 1968 | 19/09/2016 | C-3 | Books | ||||||
| Dewey Decimal Classification | Non-fiction | Central Library, University of Rajshahi | Central Library, University of Rajshahi | 09/05/1977 | W. Heffersk Sons | 12.60 | 1 | 530.12 SCQ 1968 | 05/06/2023 | C-4 | Books | 25/05/2023 | ||||
| Dewey Decimal Classification | Non-fiction | Central Library, University of Rajshahi | Central Library, University of Rajshahi | 09/05/1977 | W. Heffersk Sons | 12.60 | 530.12 SCQ 1968 | 21/09/2016 | C-5 | Books | ||||||
| Dewey Decimal Classification | Non-fiction | Central Library, University of Rajshahi | Central Library, University of Rajshahi | 14/10/1970 | Zeitlinger | 177.00 | 530.12 SCQ 1968 | 21/09/2016 | C-6 | Books | ||||||
| Dewey Decimal Classification | Non-fiction | Central Library, University of Rajshahi | Central Library, University of Rajshahi | 09/05/1977 | W. Haffer and sosns | 12.60 | 530.12 SCQ 1968 | 21/09/2016 | C-7 | Books | ||||||
| Dewey Decimal Classification | Non-fiction | Central Library, University of Rajshahi | Central Library, University of Rajshahi | 09/05/1977 | W. Heffer and sons | 12.60 | 530.12 SCQ 1968 | 22/09/2016 | C-8 | Books | ||||||
| Dewey Decimal Classification | Non-fiction | Central Library, University of Rajshahi | Central Library, University of Rajshahi | 09/05/1977 | W.Hedden & son | 12.60 | 530.12 SCQ 1968 | 24/09/2016 | C-9 | Books | ||||||
| Dewey Decimal Classification | Not For Loan | Non-fiction | Central Library, University of Rajshahi | Central Library, University of Rajshahi | Reading Room | 09/05/1977 | W. Heffer and Sons | 12.60 | 530.12 SCQ 1968 | 13/04/2017 | C-1 | Books | ||||
| Dewey Decimal Classification | Non-fiction | Central Library, University of Rajshahi | Central Library, University of Rajshahi | 23/09/1989 | Kai. nit. | 7.50 | 530.12 SCQ 1968 | 20/11/2019 | C-10 | Books |